00807nam a2200253 a 450000100100000000500170001000800410002702000150006804000250008304100380010808200170014610000300016324000310019324500700022426000500029430000330034449000230037753400390040065000250043970000320046483000310049604900090052799900170053600002337420200930022156.0101203s1985 sp a r 000 0 spa d a8475770789 aDO-SdBNPbspacBNPHU17aspahfre2Código de idioma MARC a133.3bR256p1 aRavignant, Patrick94814910aLes présageslEspañol.10aLos presagios /cPatrick Ravignant ; traducción Graciela Klein. aBarcelona, (España) :bJuan Granica,c1985. a156, [4] p. :bil. ;c18 cm.1 aArtes adivinatoria aTítulo original:tLes présages 4aAdivinación9481501 aKlein, Gracielaetr.911243 0aArtes adivinatorias948151 aBNGR c22871d22871